000 01342nam a2200229Ia 4500
003 Ost
005 20260507075801.0
008 260507s9999||||xx |||||||||||||| ||und||
020 _a9789947600061
040 _cfsecg
041 _aara
082 _a338.54
100 _aالموسوي، ضياء مجيد
_eمؤلف
245 0 _aالاقتصاد العالمي ما بعد الأزمة المالية والاقتصادية العالمية 2008-2009 /
_c ضياء مجيد الموسوي
260 _aالجزائر :
_bمؤسسة كنوز الحكمة,
_c2012
300 _a182 صفحة؛
_bإيضاحات ؛
_c23 سم
520 _aيتناول الكتاب الأسباب الكامنة وراء الأزمة ودور السياسة المالية القصيرة الأمد في الانتعاش من الأزمة، إجراءات تنشيط الاقتصاد المالي العالمي للخروج من الأزمة ، كيفية تصحيح البنيان المالي ويضم لجنة بازل للرقابة الدولية والاقتصاد الحقيقي العالمي وما بعد الأزمة المالية والاقتصادية العالمية 2008-2009.
653 _aالأزمات الاقتصادية
653 _aالاقتصاد الدولي
653 _aالتضخم المالي
942 _cكتاب
999 _c46274
_d46274